000 00641nam a22001817a 4500
008 150609b xxu||||| |||| 00| 0 eng d
020 _a9780071632058
041 0 _aeng
080 _a82.015
100 1 _aWilson, Christine Canning.
245 1 0 _aPerfect phrases for school administrators :
_cChristine Canning Wilson.
260 _aChicago :
_bMcGraw-Hill,
_cc2010.
300 _axv, 188 p. ;
_c21 cm.
650 0 _aEdukata në komunikim
650 0 _aShkolla
700 1 _aWilson, Christine Canning.
942 _2udc
_cBK
999 _c1019
_d1019